<?xml version="1.0" encoding="UTF-8"?>
<record
    xmlns:xsi="http://www.w3.org/2001/XMLSchema-instance"
    xsi:schemaLocation="http://www.loc.gov/MARC21/slim http://www.loc.gov/standards/marcxml/schema/MARC21slim.xsd"
    xmlns="http://www.loc.gov/MARC21/slim">

  <leader>02208nam a22001817a 4500</leader>
  <controlfield tag="008">121008t        xxu||||| |||| 00| 0 eng d</controlfield>
  <datafield tag="020" ind1=" " ind2=" ">
    <subfield code="a">0199276811</subfield>
  </datafield>
  <datafield tag="050" ind1=" " ind2=" ">
    <subfield code="a">HD31.G735</subfield>
  </datafield>
  <datafield tag="245" ind1=" " ind2=" ">
    <subfield code="a">Great minds in management: the process of theory development. /</subfield>
    <subfield code="c">edited by Ken G. Smith and Michael A. Hitt</subfield>
  </datafield>
  <datafield tag="260" ind1=" " ind2=" ">
    <subfield code="a">New York:</subfield>
    <subfield code="b">Oxford University Press,</subfield>
    <subfield code="c">c2005.</subfield>
  </datafield>
  <datafield tag="300" ind1=" " ind2=" ">
    <subfield code="a">xiii, 600 p.:</subfield>
    <subfield code="b">ill.;</subfield>
    <subfield code="c">25cm.</subfield>
  </datafield>
  <datafield tag="500" ind1=" " ind2=" ">
    <subfield code="a">Includes index.</subfield>
  </datafield>
  <datafield tag="505" ind1=" " ind2=" ">
    <subfield code="a">Contents: Individuals and their environment: The Evolution of social cognitive theory -- Image theory -- The Road to fairness and beyond -- Grand theories and mid-range theories: cultural effects on theorizing and the attempt to understand active approaches to work -- Upper echelons theory: origins, twists and and turns, and lessons learned -- Goal setting theory: theory building by induction -- How job characteristics theory happened -- Do employee attitudes towards organizations matter? The study of employee commitment to organizations -- Developing psychological contract theory -- The Escalation of commitment: steps toward an organizational theory -- On the origins of expectancy theory -- Behavior of organizations: Double-loop learning in organizations: a theory of action perspective -- Where does inequality come from? The re-emergence through positive organizational cognition: islands of coherence -- Developing theory about the development of theory -- Managing organizational knowledge: theoretical and methodological foundations -- The Experience of theorizing: sensmaking as topic and resource -- Environmental contingencies and organizations: The Development of stakeholder theory: an idiosyncratic approach -- Developing resource dependence theory: how theory is affected by its environment -- Institutional theory: contributing to a theoretical research program -- Transaction cost economics: the process of theory development -- Developing evolutionary theory for economics management -- An Evolutionary approach to institutions and social construction: process and structure -- Epilogue: learning to develop theory from the masters.</subfield>
  </datafield>
  <datafield tag="650" ind1=" " ind2=" ">
    <subfield code="b">Management</subfield>
  </datafield>
  <datafield tag="700" ind1=" " ind2=" ">
    <subfield code="a">Smith, Ken G.</subfield>
  </datafield>
  <datafield tag="700" ind1=" " ind2=" ">
    <subfield code="a">Hitt, Michael A.</subfield>
  </datafield>
  <datafield tag="942" ind1=" " ind2=" ">
    <subfield code="2">lcc</subfield>
    <subfield code="c">BK</subfield>
  </datafield>
  <datafield tag="999" ind1=" " ind2=" ">
    <subfield code="c">2408</subfield>
    <subfield code="d">9908</subfield>
  </datafield>
  <datafield tag="952" ind1=" " ind2=" ">
    <subfield code="0">0</subfield>
    <subfield code="1">0</subfield>
    <subfield code="2">lcc</subfield>
    <subfield code="4">0</subfield>
    <subfield code="7">0</subfield>
    <subfield code="a">WIUC-1</subfield>
    <subfield code="b">WIUC-1</subfield>
    <subfield code="c">REF</subfield>
    <subfield code="d">2012-10-08</subfield>
    <subfield code="l">0</subfield>
    <subfield code="o">HD31.G735</subfield>
    <subfield code="p">6150/12</subfield>
    <subfield code="r">2012-10-08 00:00:00</subfield>
    <subfield code="w">2012-10-08</subfield>
    <subfield code="y">BK</subfield>
  </datafield>
</record>
